[Event "Robecchetto op-B 26th"]
[Site "Robecchetto"]
[Date "2015.07.24"]
[Round "1"]
[White "Barrera, Pietro"]
[Black "Ciochetta, Giovanni"]
[Result "1/2-1/2"]
[WhiteElo "1839"]
[BlackElo "1591"]
[PlyCount "55"]
[EventDate "2015.07.24"]
[EventType "swiss"]
[EventRounds "5"]
[EventCountry "ITA"]
[SourceTitle "EXT 2023"]
[Source "ChessBase"]
[SourceDate "2022.10.05"]
[SourceVersion "1"]
[SourceVersionDate "2022.10.05"]
[SourceQuality "1"]

1. e4 e5 2. Nf3 Nf6 3. Nxe5 d6 4. Nf3 Nxe4 5. d4 d5 6. Bd3 Be7 7. 0-0 Nc6 8. c3 0-0 9. Qc2 f5 10. Bf4 Bd6 11. Bxd6 Qxd6 12. Nbd2 Qf6 13. Rae1 Bd7 14. Ne5 Nxe5 15. dxe5 Qh6 16. Nb3 Ba4 17. f3 Qb6+ 18. Kh1 Nc5 19. Bxf5 Bxb3 20. Bxh7+ Kh8 21. axb3 Qxb3 22. Qg6 Qb6 23. f4 Rae8 24. f5 Nd3 25. f6 gxf6 26. exf6 Nf2+ 27. Kg1 Nh3+ 28. Kh1 1/2-1/2

[Event "Arolo di Leggiuno op 4th"]
[Site "Arolo di Leggiuno"]
[Date "2015.05.09"]
[Round "3"]
[White "Ciochetta, Giovanni"]
[Black "Centofante, Maria Rosa"]
[Result "0-1"]
[WhiteElo "1614"]
[BlackElo "1488"]
[PlyCount "106"]
[EventDate "2015.05.08"]
[EventType "swiss"]
[EventRounds "5"]
[EventCountry "ITA"]
[SourceTitle "CBM 166 Extra"]
[Source "ChessBase"]
[SourceDate "2015.06.18"]
[SourceVersion "1"]
[SourceVersionDate "2015.06.18"]
[SourceQuality "1"]

1. e4 d5 2. exd5 Qxd5 3. Nc3 Qa5 4. d3 Nf6 5. Bd2 c6 6. Nf3 Bg4 7. Be2 Qc7 8. 0-0 e6 9. h3 Bh5 10. Ng5 Bxe2 11. Qxe2 h6 12. Nge4 Nbd7 13. Rfe1 Be7 14. Ng3 0-0 15. Nh5 Kh7 16. Nxf6+ Nxf6 17. Ne4 Rad8 18. Bc3 Nd5 19. Bd2 Nf4 20. Qf3 Ng6 21. Bc3 Rd5 22. Ng3 Ne5 23. Qe4+ Ng6 24. Re3 Bd6 25. h4 Kg8 26. Ne2 Rh5 27. g3 Qe7 28. Qg4 Rf5 29. f4 Rf6 30. Bxf6 Qxf6 31. c3 Ne7 32. Nd4 Bc5 33. Re4 Nf5 34. Kg2 Rd8 35. Kh3 Nxd4 36. cxd4 Bxd4 37. Qd1 Bxb2 38. Rb1 Rd7 39. Qc2 Bd4 40. Qc4 e5 41. fxe5 Bxe5 42. Rbe1 Qf5+ 43. Kg2 Rd5 44. Rf1 Qd7 45. Rf3 b5 46. Qb3 a5 47. a4 b4 48. Rc4 Bc3 49. Rcf4 Bf6 50. Re4 c5 51. Rfe3 Kh7 52. Re8 Qb7 53. Qc4 Rd4+ 0-1

[Event "Arolo di Leggiuno op 4th"]
[Site "Arolo di Leggiuno"]
[Date "2015.05.08"]
[Round "1"]
[White "Ciochetta, Giovanni"]
[Black "Fregonese, Giulio"]
[Result "0-1"]
[WhiteElo "1614"]
[BlackElo "2061"]
[PlyCount "76"]
[EventDate "2015.05.08"]
[EventType "swiss"]
[EventRounds "5"]
[EventCountry "ITA"]
[SourceTitle "CBM 166 Extra"]
[Source "ChessBase"]
[SourceDate "2015.06.18"]
[SourceVersion "1"]
[SourceVersionDate "2015.06.18"]
[SourceQuality "1"]

1. e4 e5 2. Nf3 Nc6 3. Bc4 Bc5 4. d3 Nf6 5. 0-0 a6 6. a3 d6 7. Be3 Bxe3 8. fxe3 Bg4 9. Qd2 h6 10. Nc3 Qd7 11. Nd5 Nxd5 12. exd5 Ne7 13. e4 0-0 14. Rf2 Ng6 15. Raf1 Qe7 16. h3 Bd7 17. d4 f6 18. dxe5 fxe5 19. Nh2 Nf4 20. Kh1 Qg5 21. Rf3 Nxh3 22. Rxf8+ Rxf8 23. Rxf8+ Kxf8 24. Qxg5 Nxg5 25. Bd3 Kf7 26. Nf3 Nxf3 27. gxf3 Kf6 28. Kh2 Kg5 29. Kg3 h5 30. Bf1 h4+ 31. Kf2 Kf4 32. c4 a5 33. b4 axb4 34. axb4 b6 35. b5 g5 36. Bg2 Be8 37. Bh1 Bg6 38. Bg2 Bh5 0-1

[Event "Ceriano Laghetto op-C 24th"]
[Site "Ceriano Laghetto"]
[Date "2015.03.06"]
[Round "1"]
[White "Lupi, Matthew"]
[Black "Ciochetta, Giovanni"]
[Result "1-0"]
[WhiteElo "1470"]
[BlackElo "1587"]
[PlyCount "83"]
[EventDate "2015.03.06"]
[EventType "swiss"]
[EventRounds "5"]
[EventCountry "ITA"]
[SourceTitle "EXT 2024"]
[Source "ChessBase"]
[SourceDate "2023.10.10"]
[SourceVersion "1"]
[SourceVersionDate "2023.10.10"]
[SourceQuality "1"]

1. e4 e5 2. Nf3 Nf6 3. Nc3 Nc6 4. Bc4 Bb4 5. d3 0-0 6. Bd2 d6 7. h3 Na5 8. Bb3 Nxb3 9. cxb3 c6 10. Bg5 Qa5 11. Bd2 Nd7 12. a3 Bxc3 13. bxc3 Qa6 14. c4 c5 15. b4 b6 16. b5 Qb7 17. Nh4 Nb8 18. Qf3 a6 19. 0-0 axb5 20. cxb5 Ra4 21. Qg3 f5 22. exf5 Bxf5 23. Nxf5 Rxf5 24. f4 e4 25. dxe4 Rxe4 26. Qd3 Qd5 27. Qxd5+ Rxd5 28. Bc3 Nd7 29. Rad1 Rxd1 30. Rxd1 Rxf4 31. Rxd6 Rf7 32. Rc6 Kf8 33. Be1 Rf6 34. Bg3 Kf7 35. Kh2 Kg6 36. Bh4 Kf5 37. Bxf6 Nxf6 38. Rxb6 Ke5 39. Rc6 Kd5 40. Rc8 c4 41. b6 Nd7 42. b7 1-0

[Event "Omegna op-B 2nd"]
[Site "Omegna"]
[Date "2014.08.10"]
[Round "5"]
[White "Coqueraut, Lodewyk"]
[Black "Ciochetta, Giovanni"]
[Result "0-1"]
[WhiteElo "1691"]
[BlackElo "1549"]
[PlyCount "84"]
[EventDate "2014.08.08"]
[EventType "swiss"]
[EventRounds "5"]
[EventCountry "ITA"]
[SourceTitle "EXT 2015"]
[Source "ChessBase"]
[SourceDate "2014.11.20"]
[SourceVersion "1"]
[SourceVersionDate "2014.11.20"]
[SourceQuality "1"]

1. d4 Nf6 2. c4 e6 3. Nc3 Bb4 4. Nf3 0-0 5. Qc2 b6 6. e4 Bb7 7. Bd3 d5 8. cxd5 exd5 9. e5 Ne4 10. 0-0 Bxc3 11. bxc3 h6 12. Rb1 f5 13. exf6 Qxf6 14. Be3 Nd7 15. c4 Qc6 16. Rfc1 Rac8 17. Qe2 Qe6 18. Rc2 Kh8 19. cxd5 Qxd5 20. Ne1 c5 21. f3 Ng5 22. Bc4 Qc6 23. Bxg5 hxg5 24. Bb5 Qd6 25. Rbc1 cxd4 26. Rxc8 Rxc8 27. Nd3 Nc5 28. Ne5 Rf8 29. Re1 a6 30. Bc4 b5 31. Nf7+ Rxf7 32. Bxf7 Bc6 33. Be8 d3 34. Qd2 Bxe8 35. Rxe8+ Kh7 36. Re3 Qd4 37. Kf1 b4 38. g4 a5 39. Re1 Kg6 40. h4 gxh4 41. f4 Ne4 42. Qg2 Ng3+ 0-1

[Event "Ceriano Laghetto op-C 23rd"]
[Site "Ceriano Laghetto"]
[Date "2014.03.16"]
[Round "5"]
[White "Picasso, Marco Francesco"]
[Black "Ciochetta, Giovanni"]
[Result "1-0"]
[WhiteElo "1447"]
[BlackElo "1573"]
[PlyCount "21"]
[EventDate "2014.03.14"]
[EventType "swiss"]
[EventRounds "5"]
[EventCountry "ITA"]
[SourceTitle "EXT 2024"]
[Source "ChessBase"]
[SourceDate "2023.10.10"]
[SourceVersion "1"]
[SourceVersionDate "2023.10.10"]
[SourceQuality "1"]

1. f4 d5 2. Nf3 Nf6 3. d4 e6 4. e3 Bd7 5. Bd3 Ne4 6. 0-0 Nc6 7. Nbd2 f5 8. Bb5 Bd6 9. Nxe4 dxe4 10. Ng5 h6 11. Qh5+ 1-0

[Event "Robecchetto op-C 24th"]
[Site "Robecchetto"]
[Date "2013.12.30"]
[Round "6"]
[White "Ciochetta, Giovanni"]
[Black "Assanelli, Andrea"]
[Result "0-1"]
[WhiteElo "1584"]
[BlackElo "1440"]
[PlyCount "112"]
[EventDate "2013.12.27"]
[EventType "swiss"]
[EventRounds "6"]
[EventCountry "ITA"]
[SourceTitle "EXT 2023"]
[Source "ChessBase"]
[SourceDate "2022.10.05"]
[SourceVersion "1"]
[SourceVersionDate "2022.10.05"]
[SourceQuality "1"]

1. e4 d6 2. d4 Nf6 3. Nc3 g6 4. f4 Bg4 5. Be2 Bxe2 6. Qxe2 Bg7 7. Nf3 0-0 8. 0-0 Re8 9. h3 a6 10. Be3 Nc6 11. Rad1 Nd7 12. e5 Nf8 13. d5 Na7 14. Bd4 c5 15. dxc6 Nxc6 16. Nd5 Nxd4 17. Rxd4 Qa5 18. Rd3 Rac8 19. a3 Qc5+ 20. Rf2 Ne6 21. b4 Qc6 22. Qd2 b5 23. Rc3 Qb7 24. Rd3 Qc6 25. Qe3 Rcd8 26. Rfd2 Kh8 27. h4 Rd7 28. Rc3 Qb7 29. Ng5 Nxg5 30. hxg5 dxe5 31. Rcd3 exf4 32. Qxf4 e6 33. Nf6 Rxd3 34. Rxd3 Qb6+ 35. Kh2 Rd8 36. Rh3 Bxf6 37. Qxf6+ Kg8 38. Rf3 Qc7+ 39. Kh3 Rd2 40. Rc3 Qb7 41. Qf3 Qxf3+ 42. gxf3 Rd6 43. Rc8+ Kg7 44. Kg3 h6 45. gxh6+ Kxh6 46. c4 bxc4 47. Rxc4 Kg5 48. a4 f5 49. b5 axb5 50. axb5 Rb6 51. f4+ Kf6 52. Rc5 g5 53. Kf3 gxf4 54. Kxf4 Rb7 55. Re5 Rc7 56. Re2 Rc4+ 0-1

[Event "Villa Guardia D Oro Cup 31st"]
[Site "Villa Guardia"]
[Date "2013.11.03"]
[Round "6"]
[White "Ciochetta, Giovanni"]
[Black "Tavasci, Alfio"]
[Result "0-1"]
[WhiteElo "1574"]
[BlackElo "1589"]
[PlyCount "48"]
[EventDate "2013.11.01"]
[EventType "swiss"]
[EventRounds "6"]
[EventCountry "ITA"]
[SourceTitle "EXT 2015"]
[Source "ChessBase"]
[SourceDate "2014.11.20"]
[SourceVersion "1"]
[SourceVersionDate "2014.11.20"]
[SourceQuality "1"]

1. e4 e6 2. d4 d5 3. exd5 exd5 4. Nc3 Nf6 5. Nf3 Bd6 6. Bg5 c6 7. Be2 Be6 8. 0-0 Nbd7 9. a3 Qc7 10. Bxf6 Nxf6 11. g3 h6 12. b4 a6 13. Nh4 g5 14. Ng2 h5 15. Qd2 0-0-0 16. Qxg5 Ng4 17. Bxg4 hxg4 18. Qd2 Rh3 19. Nh4 Rh8 20. f4 gxf3 21. Nxf3 Bxg3 22. Rf2 Bxf2+ 23. Qxf2 Bg4 24. Re1 Bxf3 0-1

[Event "Villa Guardia D Oro Cup 31st"]
[Site "Villa Guardia"]
[Date "2013.11.01"]
[Round "1"]
[White "Ciochetta, Giovanni"]
[Black "Cairoli, Camillo"]
[Result "0-1"]
[WhiteElo "1574"]
[BlackElo "1937"]
[PlyCount "112"]
[EventDate "2013.11.01"]
[EventType "swiss"]
[EventRounds "6"]
[EventCountry "ITA"]
[SourceTitle "EXT 2015"]
[Source "ChessBase"]
[SourceDate "2014.11.20"]
[SourceVersion "1"]
[SourceVersionDate "2014.11.20"]
[SourceQuality "1"]

1. e4 Nf6 2. e5 Nd5 3. Nc3 e6 4. Nxd5 exd5 5. Nf3 d6 6. d4 Bg4 7. Be2 Nc6 8. c3 Be7 9. h3 Bh5 10. Bf4 0-0 11. Qb3 dxe5 12. Nxe5 Bxe2 13. Nxc6 bxc6 14. Kxe2 Bg5 15. Be3 Re8 16. Rae1 Rb8 17. Qc2 Bxe3 18. fxe3 Qg5 19. Kd1 Re4 20. Qf2 Qe7 21. Re2 c5 22. Rhe1 c4 23. Kc1 a5 24. a3 c6 25. g4 Qb7 26. Rf1 f6 27. Qf3 Qb3 28. Rc2 Rbe8 29. Re1 Qb7 30. Rce2 Qe7 31. Qf5 Qd6 32. Qf3 c5 33. Kd2 Qb6 34. Kc1 Qd6 35. Kd2 Rb8 36. Kc1 Qe7 37. Qf5 Qd6 38. Rd1 cxd4 39. Rxd4 Re5 40. Qf3 Rbe8 41. e4 Qe7 42. Qf1 g6 43. Re3 Kg7 44. Qf4 Qc5 45. Re1 Qc6 46. h4 dxe4 47. Red1 Qe6 48. Rd6 Qf7 49. Qf1 e3 50. Qe2 R8e7 51. R1d4 g5 52. hxg5 fxg5 53. Rxc4 Qf2 54. Kd1 Rf7 55. Rdd4 Qg1+ 56. Kc2 Rf2 0-1

[Event "Crema op 15th"]
[Site "Crema"]
[Date "2013.08.31"]
[Round "3"]
[White "Ciochetta, Giovanni"]
[Black "Aleksic, Nenad"]
[Result "0-1"]
[WhiteElo "1549"]
[BlackElo "2357"]
[PlyCount "68"]
[EventDate "2013.08.30"]
[EventType "swiss"]
[EventRounds "6"]
[EventCountry "ITA"]
[SourceTitle "EXT 2015"]
[Source "ChessBase"]
[SourceDate "2014.11.20"]
[SourceVersion "1"]
[SourceVersionDate "2014.11.20"]
[SourceQuality "1"]

1. e4 c5 2. c4 b6 3. d3 Bb7 4. Nc3 e6 5. Nf3 d6 6. Be2 Be7 7. 0-0 Nf6 8. Bg5 0-0 9. Nd2 Nc6 10. Nb3 Rc8 11. Bf3 Ne5 12. Be2 Nc6 13. Bf3 Re8 14. a4 Ba8 15. Re1 Nxe4 16. Bxe7 Nxc3 17. Bxd8 Nxd1 18. Bxc6 Bxc6 19. Rexd1 Rexd8 20. Nd2 d5 21. Nf3 dxc4 22. dxc4 Bxf3 23. gxf3 Kf8 24. Kf1 Ke7 25. Ke2 Rxd1 26. Rxd1 Rd8 27. Rg1 g6 28. Rg4 h5 29. Re4 f5 30. Re3 Rd4 31. Kf1 Rxc4 32. b3 Rb4 33. Kg2 g5 34. Rc3 a5 0-1

[Event "Villa Guardia D Oro Cup 30th"]
[Site "Villa Guardia"]
[Date "2012.11.01"]
[Round "1"]
[White "Ciochetta, Giovanni"]
[Black "Grassetto, Gilberto"]
[Result "0-1"]
[WhiteElo "1529"]
[BlackElo "1861"]
[PlyCount "78"]
[EventDate "2012.11.01"]
[EventType "swiss"]
[EventRounds "6"]
[EventCountry "ITA"]
[SourceTitle "EXT 2014"]
[Source "ChessBase"]
[SourceDate "2013.11.20"]
[SourceVersion "1"]
[SourceVersionDate "2013.11.20"]
[SourceQuality "1"]

1. e4 c5 2. Nf3 d6 3. d4 cxd4 4. Nxd4 Nf6 5. Nc3 a6 6. Bg5 e6 7. Bc4 Be7 8. Qd3 0-0 9. 0-0-0 Nc6 10. Nxc6 bxc6 11. f4 d5 12. Bb3 Bb7 13. Bxf6 Bxf6 14. e5 Be7 15. a3 Qc7 16. Ne2 c5 17. Qg3 Rfb8 18. h4 Bc8 19. Ba2 Rb6 20. b3 a5 21. Kd2 a4 22. Rb1 axb3 23. Rxb3 c4 24. Rxb6 Qxb6 25. Rb1 Qc7 26. c3 Rxa3 27. Rb2 Qa7 28. Bb1 Ba6 29. f5 exf5 30. Bxf5 d4 31. Nxd4 Qxd4+ 32. cxd4 Rxg3 33. Rb8+ Bf8 34. Be4 c3+ 35. Kc2 Rg4 36. Bf3 Rxd4 37. Kxc3 Rxh4 38. Kd2 Bc4 39. Ke3 Be6 0-1

[Event "Vimercate op 5th"]
[Site "Vimercate"]
[Date "2011.11.27"]
[Round "5"]
[White "Fornari, Sergio"]
[Black "Ciochetta, Giovanni"]
[Result "1/2-1/2"]
[WhiteElo "1661"]
[BlackElo "1584"]
[PlyCount "90"]
[EventDate "2011.11.25"]
[EventType "swiss"]
[EventRounds "5"]
[EventCountry "ITA"]
[SourceTitle "EXT 2014"]
[Source "ChessBase"]
[SourceDate "2013.11.20"]
[SourceVersion "1"]
[SourceVersionDate "2013.11.20"]
[SourceQuality "1"]

1. d4 Nf6 2. Nf3 g6 3. c4 Bg7 4. Nc3 0-0 5. e4 d6 6. Bd3 Bg4 7. 0-0 Nc6 8. Be3 a6 9. h3 Bxf3 10. Qxf3 Nd7 11. Ne2 e5 12. d5 Nd4 13. Nxd4 exd4 14. Bd2 c5 15. dxc6 bxc6 16. Bf4 Ne5 17. Bxe5 dxe5 18. b4 a5 19. b5 c5 20. a4 Bh6 21. Rab1 Bd2 22. Qe2 Bb4 23. f4 f6 24. fxe5 fxe5 25. Rxf8+ Qxf8 26. Qg4 Qe7 27. Rf1 Bd2 28. h4 Kg7 29. h5 Rh8 30. Rf3 Rf8 31. hxg6 hxg6 32. Rxf8 Qxf8 33. Qf3 Bf4 34. Kf1 Qe7 35. g3 Bh6 36. Kg2 Bg5 37. Qg4 Bf6 38. Qc8 Qd8 39. Qxd8 Bxd8 40. Kf3 Kf6 41. Kg4 g5 42. Kh5 Bb6 43. Be2 Bd8 44. Kh6 Bb6 45. g4 Bd8 1/2-1/2

[Event "Vimercate op 5th"]
[Site "Vimercate"]
[Date "2011.11.26"]
[Round "2"]
[White "Carbone, Lorenzo"]
[Black "Ciochetta, Giovanni"]
[Result "0-1"]
[WhiteElo "1736"]
[BlackElo "1584"]
[PlyCount "86"]
[EventDate "2011.11.25"]
[EventType "swiss"]
[EventRounds "5"]
[EventCountry "ITA"]
[SourceTitle "EXT 2014"]
[Source "ChessBase"]
[SourceDate "2013.11.20"]
[SourceVersion "1"]
[SourceVersionDate "2013.11.20"]
[SourceQuality "1"]

1. e4 e5 2. Nf3 d6 3. d4 Bg4 4. Be2 Bxf3 5. Bxf3 exd4 6. Qxd4 Nc6 7. Qa4 Nge7 8. 0-0 g6 9. Bg5 Bg7 10. Nc3 a6 11. Bxe7 Qxe7 12. Qa3 0-0 13. Nd5 Qd8 14. Rad1 Ne5 15. b4 c6 16. Nf4 Qf6 17. Ne2 Nc4 18. Qb3 b5 19. Ng3 a5 20. Be2 a4 21. Qf3 Qxf3 22. Bxf3 Rfd8 23. Ne2 Be5 24. Bg4 c5 25. c3 cxb4 26. cxb4 Ra7 27. Rd5 Rb8 28. Nc1 Re7 29. Be2 Bc3 30. Bxc4 bxc4 31. Ne2 Bxb4 32. Rb1 Reb7 33. g3 Bc5 34. Rf1 Rb2 35. Nc3 a3 36. e5 Bb4 37. Ne4 dxe5 38. Rxe5 Rxa2 39. Rc1 Rc8 40. Rb5 Rb2 41. Kg2 a2 42. Ra1 Ra8 43. Rd5 Rb1 0-1

[Event "Vimercate op 5th"]
[Site "Vimercate"]
[Date "2011.11.25"]
[Round "1"]
[White "Ciochetta, Giovanni"]
[Black "Motola, Jacopo"]
[Result "0-1"]
[WhiteElo "1584"]
[BlackElo "1903"]
[PlyCount "68"]
[EventDate "2011.11.25"]
[EventType "swiss"]
[EventRounds "5"]
[EventCountry "ITA"]
[SourceTitle "EXT 2014"]
[Source "ChessBase"]
[SourceDate "2013.11.20"]
[SourceVersion "1"]
[SourceVersionDate "2013.11.20"]
[SourceQuality "1"]

1. e4 e5 2. Nf3 Nc6 3. Bc4 Bc5 4. 0-0 d6 5. h3 Nf6 6. d3 h6 7. Be3 Bb6 8. Nc3 0-0 9. a3 Be6 10. Nd5 Bxd5 11. Bxd5 Nxd5 12. exd5 Ne7 13. c4 Nf5 14. Bxb6 axb6 15. g4 Nh4 16. Nxh4 Qxh4 17. Qf3 f5 18. Qg3 Qxg3+ 19. fxg3 f4 20. gxf4 exf4 21. Rae1 Rf7 22. Kf2 b5 23. Re4 bxc4 24. dxc4 c5 25. Rfe1 Ra6 26. Kf3 g5 27. Re8+ Kg7 28. R8e7 Rb6 29. Rxf7+ Kxf7 30. Re6 Rb3+ 31. Ke4 f3 32. Kf5 f2 33. Rf6+ Kg7 34. Ke6 Re3+ 0-1

[Event "Crema op 13th"]
[Site "Crema"]
[Date "2011.09.03"]
[Round "3"]
[White "Ciochetta, Giovanni"]
[Black "Coppola, Federico"]
[Result "0-1"]
[WhiteElo "1624"]
[BlackElo "1802"]
[PlyCount "50"]
[EventDate "2011.09.02"]
[EventType "swiss"]
[EventRounds "6"]
[EventCountry "ITA"]
[SourceTitle "EXT 2022"]
[Source "ChessBase"]
[SourceDate "2021.10.06"]
[SourceVersion "1"]
[SourceVersionDate "2021.10.06"]
[SourceQuality "1"]

1. e4 c5 2. Nc3 Nc6 3. Bc4 g6 4. a3 Bg7 5. Nf3 d6 6. Ng5 Ne5 7. Ba2 h6 8. Nf3 Bg4 9. d3 Nf6 10. h3 Nxf3+ 11. gxf3 Bd7 12. Be3 b5 13. d4 cxd4 14. Bxd4 0-0 15. Qd2 Qc7 16. 0-0-0 Qa5 17. Qd3 Rab8 18. Nd5 Nxd5 19. exd5 Bxd4 20. Qxd4 b4 21. Rd3 Bf5 22. Rb3 Rfc8 23. c3 bxc3 24. Rxc3 Rxc3+ 25. Qxc3 Rc8 0-1

[Event "Crema op 13th"]
[Site "Crema"]
[Date "2011.09.03"]
[Round "4"]
[White "Galli, Fabrizio"]
[Black "Ciochetta, Giovanni"]
[Result "0-1"]
[WhiteElo "1469"]
[BlackElo "1624"]
[PlyCount "108"]
[EventDate "2011.09.02"]
[EventType "swiss"]
[EventRounds "6"]
[EventCountry "ITA"]
[SourceTitle "EXT 2022"]
[Source "ChessBase"]
[SourceDate "2021.10.06"]
[SourceVersion "1"]
[SourceVersionDate "2021.10.06"]
[SourceQuality "1"]

1. d4 d5 2. Nf3 Nf6 3. Bg5 Nc6 4. Nbd2 Bf5 5. e3 a6 6. Bxf6 exf6 7. c4 Bb4 8. c5 0-0 9. a3 Bxd2+ 10. Qxd2 b6 11. cxb6 cxb6 12. b4 b5 13. Be2 Qe7 14. Nh4 Bd7 15. 0-0 Rfb8 16. Qd3 a5 17. bxa5 Nxa5 18. Nf5 Qe6 19. Bg4 Kf8 20. h3 Qe4 21. Rfd1 Nc4 22. Nd6 Qxd3 23. Rxd3 Bxg4 24. Nxc4 bxc4 25. Rc3 Be2 26. f3 Bd3 27. g4 Rb2 28. a4 Ra5 29. h4 Bc2 30. e4 Rxa4 31. Rxa4 Bxa4 32. Ra3 Be8 33. Kf1 Rb3 34. Ra8 Rxf3+ 35. Ke2 dxe4 36. Rc8 Ra3 37. d5 Rd3 38. Rxc4 Rxd5 39. Rxe4 Re5 40. Ke3 Rxe4+ 41. Kxe4 Bd7 42. Kf4 Ke7 43. Kg3 h6 44. Kf3 Ke6 45. Kf4 g5+ 46. Kg3 Ke5 47. hxg5 fxg5 48. Kf3 f5 49. gxf5 Kxf5 50. Kg3 h5 51. Kf3 Bc6+ 52. Kg3 h4+ 53. Kf2 Kg4 54. Kg1 Kg3 0-1

[Event "Crema op 13th"]
[Site "Crema"]
[Date "2011.09.02"]
[Round "1"]
[White "Baroni, Alessandro"]
[Black "Ciochetta, Giovanni"]
[Result "1-0"]
[WhiteElo "1918"]
[BlackElo "1624"]
[PlyCount "61"]
[EventDate "2011.09.02"]
[EventType "swiss"]
[EventRounds "6"]
[EventCountry "ITA"]
[SourceTitle "EXT 2022"]
[Source "ChessBase"]
[SourceDate "2021.10.06"]
[SourceVersion "1"]
[SourceVersionDate "2021.10.06"]
[SourceQuality "1"]

1. e4 e5 2. Nf3 Nc6 3. Bb5 d6 4. d4 a6 5. Bxc6+ bxc6 6. dxe5 Bg4 7. exd6 Bxd6 8. Nc3 Ne7 9. 0-0 0-0 10. Be3 Ng6 11. h3 Bxf3 12. Qxf3 Qe7 13. Rfe1 Qe5 14. g3 Rab8 15. Rab1 Rb7 16. Qe2 Ra8 17. f4 Qe8 18. Qc4 Qd7 19. Kg2 Rb4 20. Qd3 h5 21. e5 Rab8 22. exd6 cxd6 23. b3 h4 24. Bc5 hxg3 25. Bxd6 Rd8 26. Rbd1 Rxf4 27. Kxg3 Rh4 28. Kh2 Qg4 29. Re4 Rxd6 30. Rxg4 Rxd3 31. Rxd3 1-0